000 00589nam a2200229Ia 4500
003 OSt
005 20220926045553.0
006 a|||||r|||| 00| 0
007 ta
008 220923b |||||||| |||| 00| 0 eng d
037 _cGeneral Book
040 _aRTL
_cRTL
_beng
041 _2eng
_aeng
082 _aX:77.213.N46r, H6
110 _aMysore (Govt. of-)
245 0 _aDevelopment schemes of Mysore. V. 2
260 _c1946
300 _aiii, 178p
_ccm.
700 _aMysore (Govt. of-)
942 _hX:77.213.N46r, H6
_cGB
_2CC
999 _c677957
_d677957